000 00525nam a22002057a 4500
003 OSt
005 20140310182829.0
008 130601t xxu||||| |||| 00| 0 eng d
050 _aBS 410
_b.C622 1982
082 _aM 248.6
_bC57 1982
245 _aHow to Invest Money with God /
_cClayton, Christal
250 _a10th ed.
260 _aCovina, California :
_c1982
300 _a56 p. :
_c22 cm.
521 _acollege students
526 _c1210L-1700L
541 _j1
562 _e1
942 _2lcc
_cBK
_kM
999 _c16592
_d16592